00405nam a2200181Ia 4500008004100000020001800041050001400059100001600073245001700089245001600106260001500122260001600137260000900153300001600162300002700178300001000205500000800215170918s9999 xx 000 0 und d a9780545260282 bK269 2004 aKehret, Peg aAbduction! / cPeg Kehret. aNew York : bScholastic, c2004 a215 pages : bcolored illustration ; c19cm. a760